000 00604nam a2200193 i 4500
001 103030
003 ES-MaACL
005 20231221150405.0
007 t|
008 051227s1941 sp ||||1| spa d
080 _a081 Cánovas del Castillo, Antonio
100 1 _aCánovas del Castillo, Antonio,
_d1828-1897
_934600
245 1 0 _aCánovas del Castillo
_b: antología /
_cprefacio y selección de Juan B. Solervicens.
260 _aMadrid :
_bEspasa-Calpe,
_c1941.
300 _a257 p. ;
_c21 cm.
700 1 _aSolervicens, J. B.
_9107205
852 _aES-MaACL
_jG-9776
999 _c103030
_d103030